[Event "DEM U18w 2018"]
[Site "Willingen GER"]
[Date "2018.05.23"]
[Round "5"]
[White "Browning, Rebecca"]
[Black "Köhler, Inken"]
[Result "0-1"]
[Termination "normal"]
[Board "5"]
[WhiteElo "1925"]
[BlackElo "1879"]
[WhiteClock "00:21:23"]
[BlackClock "00:02:43"]
[PlyCount "114"]
[WhiteFideId "12984027"]
[BlackFideId "12929301"]
[EventCountry "GER"]
[EventRounds "9"]
[EventType "swiss"]
[EventDate "2018.05.19"]

1. e4 {[%clk 1:30:57]} 1... d6 {[%clk 1:30:54]} 2. d4 {[%clk 1:31:10]} 2... Nf6
{[%clk 1:31:09]} 3. Nc3 {[%clk 1:31:12]} 3... Nbd7 {[%clk 1:31:23]} 4. Be3 {
[%clk 1:31:20]} 4... e5 {[%clk 1:31:10]} 5. dxe5 {[%clk 1:31:23]} 5... dxe5 {
[%clk 1:31:29]} 6. a3 {[%clk 1:29:35]} 6... Be7 {[%clk 1:30:36]} 7. Bc4 { [%clk
1:26:46]} 7... O-O {[%clk 1:29:51]} 8. Qe2 {[%clk 1:18:47]} 8... c6 { [%clk
1:28:14]} 9. Nh3 {[%clk 1:15:44]} 9... Qc7 {[%clk 1:25:23]} 10. f3 { [%clk
1:14:38]} 10... b5 {[%clk 1:11:52]} 11. Ba2 {[%clk 1:12:56]} 11... a5 { [%clk
1:11:16]} 12. Ng5 {[%clk 1:10:57]} 12... Bc5 {[%clk 1:05:57]} 13. Bxc5 { [%clk
1:09:08]} 13... Nxc5 {[%clk 1:06:22]} 14. Qf2 {[%clk 1:09:31]} 14... Qe7 {[%clk
1:05:44]} 15. O-O {[%clk 1:05:35]} 15... h6 {[%clk 0:56:53]} 16. Nxf7 { [%clk
1:04:10]} 16... Rxf7 {[%clk 0:55:11]} 17. Bxf7+ {[%clk 1:04:32]} 17... Kxf7
{[%clk 0:55:34]} 18. Rfd1 {[%clk 1:04:37]} 18... Ne6 {[%clk 0:52:06]} 19. Rd2
{[%clk 1:03:20]} 19... Ra7 {[%clk 0:46:06]} 20. Ne2 {[%clk 1:01:46]} 20... Rd7
{[%clk 0:44:52]} 21. Rad1 {[%clk 1:01:19]} 21... Rxd2 {[%clk 0:38:48]} 22. Rxd2
{[%clk 0:59:00]} 22... b4 {[%clk 0:37:31]} 23. axb4 {[%clk 0:53:22]} 23... axb4
{[%clk 0:37:55]} 24. Qf1 {[%clk 0:49:13]} 24... Ba6 {[%clk 0:36:00]} 25. Qf2
{[%clk 0:47:16]} 25... Bb5 {[%clk 0:32:56]} 26. b3 {[%clk 0:42:40]} 26... Qb7
{[%clk 0:29:54]} 27. g3 {[%clk 0:37:39]} 27... Ng5 {[%clk 0:24:56]} 28. Qe3
{[%clk 0:34:15]} 28... Qa6 {[%clk 0:19:45]} 29. h4 {[%clk 0:32:32]} 29... Qa1+
{[%clk 0:18:14]} 30. Kg2 {[%clk 0:32:35]} 30... Ne6 {[%clk 0:18:08]} 31. Qg1 {
[%clk 0:26:55]} 31... Qa6 {[%clk 0:14:53]} 32. Qe3 {[%clk 0:24:05]} 32... g5 {
[%clk 0:07:36]} 33. hxg5 {[%clk 0:14:08]} 33... Nxg5 {[%clk 0:07:42]} 34. Ng1 {
[%clk 0:12:48]} 34... Qa1 {[%clk 0:03:42]} 35. Qf2 {[%clk 0:07:43]} 35... Ke6 {
[%clk 0:03:20]} 36. Rd8 {[%clk 0:05:04]} 36... Ke7 {[%clk 0:02:22]} 37. Rd2 {
[%clk 0:04:46]} 37... Ngxe4 {[%clk 0:02:19]} 38. fxe4 {[%clk 0:04:11]} 38...
Nxe4 {[%clk 0:02:48]} 39. Qe3 {[%clk 0:03:48]} 39... Qf1+ {[%clk 0:02:25]} 40.
Kh2 {[%clk 0:03:22]} 40... Nxd2 {[%clk 0:01:16]} 41. Qxd2 {[%clk 0:03:12]}
41... c5 {[%clk 0:00:52]} 42. Qe3 {[%clk 0:03:04]} 42... Kd6 {[%clk 0:19:08]}
43. Qxh6+ {[%clk 0:33:05]} 43... Kd5 {[%clk 0:18:56]} 44. Qe3 {[%clk 0:32:04]}
44... Qd1 {[%clk 0:15:13]} 45. Qf2 {[%clk 0:28:01]} 45... Qh5+ {[%clk 0:13:23]}
46. Kg2 {[%clk 0:27:40]} 46... Bc6 {[%clk 0:12:58]} 47. Qe3 {[%clk 0:26:50]}
47... Kd6+ {[%clk 0:12:02]} 48. Nf3 {[%clk 0:26:37]} 48... Qf5 {[%clk 0:11:20]}
49. Qd3+ {[%clk 0:22:16]} 49... Qxd3 {[%clk 0:11:14]} 50. cxd3 {[%clk 0:22:39]}
50... Bd5 {[%clk 0:08:35]} 51. Kf2 {[%clk 0:22:20]} 51... Bxb3 {[%clk 0:08:57]}
52. Nd2 {[%clk 0:22:39]} 52... Be6 {[%clk 0:06:40]} 53. Ke3 {[%clk 0:22:38]}
53... b3 {[%clk 0:05:47]} 54. Ne4+ {[%clk 0:22:39]} 54... Kc6 {[%clk 0:05:27]}
55. Kd2 {[%clk 0:22:53]} 55... Bd5 {[%clk 0:02:23]} 56. Kc3 {[%clk 0:21:02]}
56... Bxe4 {[%clk 0:02:16]} 57. dxe4 {[%clk 0:21:23]} 57... c4 {[%clk 0:02:43]}
0-1

[Event "DEM U18w 2018"]
[Site "Willingen GER"]
[Date "2018.05.23"]
[Round "5"]
[White "Halas, Julia"]
[Black "Möller, Hannah"]
[Result "1-0"]
[Termination "normal"]
[Board "7"]
[WhiteElo "1979"]
[BlackElo "1807"]
[WhiteClock "00:02:32"]
[BlackClock "00:32:47"]
[PlyCount "147"]
[WhiteFideId "12931810"]
[BlackFideId "1270514"]
[EventCountry "GER"]
[EventRounds "9"]
[EventType "swiss"]
[EventDate "2018.05.19"]

1. d4 {[%clk 1:30:57]} 1... Nf6 {[%clk 1:30:54]} 2. c4 {[%clk 1:31:25]} 2... g6
{[%clk 1:31:19]} 3. Nc3 {[%clk 1:31:52]} 3... Bg7 {[%clk 1:31:47]} 4. e4 {
[%clk 1:32:17]} 4... d6 {[%clk 1:32:13]} 5. Nf3 {[%clk 1:32:40]} 5... O-O {
[%clk 1:32:35]} 6. Be2 {[%clk 1:33:07]} 6... Nbd7 {[%clk 1:33:02]} 7. Be3 {
[%clk 1:33:29]} 7... e5 {[%clk 1:33:24]} 8. O-O {[%clk 1:33:50]} 8... c6 {
[%clk 1:33:46]} 9. Qc2 {[%clk 1:33:52]} 9... Ng4 {[%clk 1:31:30]} 10. Bg5 {
[%clk 1:34:09]} 10... f6 {[%clk 1:31:10]} 11. Bc1 {[%clk 1:33:58]} 11... Qe7 {
[%clk 1:30:13]} 12. d5 {[%clk 1:23:36]} 12... f5 {[%clk 1:29:39]} 13. Ne1 {
[%clk 0:45:22]} 13... Nh6 {[%clk 1:27:53]} 14. f3 {[%clk 0:44:20]} 14... f4 {
[%clk 1:25:19]} 15. b4 {[%clk 0:44:02]} 15... Nf6 {[%clk 1:23:18]} 16. Nd3 {
[%clk 0:34:22]} 16... cxd5 {[%clk 1:21:54]} 17. cxd5 {[%clk 0:32:27]} 17... Bd7
{[%clk 1:19:27]} 18. Qb3 {[%clk 0:30:16]} 18... g5 {[%clk 1:14:23]} 19. Nc5 {
[%clk 0:29:13]} 19... Rab8 {[%clk 1:08:53]} 20. Nxd7 {[%clk 0:29:13]} 20...
Nxd7 {[%clk 1:08:53]} 21. Bd2 {[%clk 0:24:57]} 21... Rf6 {[%clk 1:07:18]} 22.
Rfc1 {[%clk 0:22:12]} 22... a6 {[%clk 1:05:38]} 23. a4 {[%clk 0:21:51]} 23...
Rg6 {[%clk 1:05:32]} 24. a5 {[%clk 0:18:58]} 24... g4 {[%clk 1:05:46]} 25. Be1
{[%clk 0:18:39]} 25... gxf3 {[%clk 1:05:24]} 26. Bxf3 {[%clk 0:19:00]} 26...
Ng4 {[%clk 1:05:38]} 27. Nd1 {[%clk 0:17:01]} 27... Ne3 {[%clk 1:03:46]} 28.
Bf2 {[%clk 0:16:43]} 28... Qf6 {[%clk 1:02:43]} 29. Ra3 {[%clk 0:13:38]} 29...
Bh6 {[%clk 1:01:36]} 30. Rc7 {[%clk 0:10:42]} 30... Qd8 {[%clk 1:01:33]} 31.
Rc1 {[%clk 0:08:32]} 31... Nxg2 {[%clk 0:59:09]} 32. Bxg2 {[%clk 0:04:42]}
32... f3 {[%clk 0:59:31]} 33. Rc2 {[%clk 0:04:06]} 33... Rxg2+ {[%clk 0:58:43]}
34. Kh1 {[%clk 0:03:27]} 34... Bf4 {[%clk 0:46:55]} 35. h4 {[%clk 0:02:01]}
35... Bg3 {[%clk 0:41:20]} 36. Qxf3 {[%clk 0:02:19]} 36... Rh2+ {[%clk 0:33:50]
} 37. Kg1 {[%clk 0:02:47]} 37... Bxf2+ {[%clk 0:33:47]} 38. Rxf2 { [%clk
0:01:54]} 38... Rxh4 {[%clk 0:27:55]} 39. Qf7+ {[%clk 0:01:59]} 39... Kh8
{[%clk 0:28:10]} 40. Rg3 {[%clk 0:01:35]} 40... Qf8 {[%clk 0:25:32]} 41. Qxd7 {
[%clk 0:00:39]} 41... Qh6 {[%clk 0:24:47]} 42. Kf1 {[%clk 0:07:36]} 42... Rf4 {
[%clk 0:48:20]} 43. Rh3 {[%clk 0:06:34]} 43... Rxf2+ {[%clk 0:48:09]} 44. Nxf2
{[%clk 0:06:20]} 44... Qc1+ {[%clk 0:47:12]} 45. Kg2 {[%clk 0:06:45]} 45...
Rg8+ {[%clk 0:47:11]} 46. Rg3 {[%clk 0:06:54]} 46... Rxg3+ {[%clk 0:46:21]} 47.
Kxg3 {[%clk 0:07:23]} 47... Qe3+ {[%clk 0:46:16]} 48. Kg2 {[%clk 0:07:33]}
48... Qg5+ {[%clk 0:45:27]} 49. Qg4 {[%clk 0:07:56]} 49... Qd8 {[%clk 0:45:40]}
50. Qf5 {[%clk 0:07:50]} 50... Kg7 {[%clk 0:40:22]} 51. Ng4 {[%clk 0:07:34]}
51... h6 {[%clk 0:37:51]} 52. Kg3 {[%clk 0:07:32]} 52... b6 {[%clk 0:37:30]}
53. axb6 {[%clk 0:06:36]} 53... Qxb6 {[%clk 0:37:49]} 54. Qf6+ {[%clk 0:06:15]}
54... Kg8 {[%clk 0:38:03]} 55. Qg6+ {[%clk 0:05:20]} 55... Kf8 {[%clk 0:38:15]}
56. Qxh6+ {[%clk 0:05:22]} 56... Ke8 {[%clk 0:38:21]} 57. Qh8+ {[%clk 0:05:13]}
57... Ke7 {[%clk 0:38:09]} 58. Qg7+ {[%clk 0:05:29]} 58... Kd8 {[%clk 0:38:18]}
59. Qf8+ {[%clk 0:05:42]} 59... Kc7 {[%clk 0:38:15]} 60. Qe7+ {[%clk 0:04:13]}
60... Kb8 {[%clk 0:36:52]} 61. Qe8+ {[%clk 0:03:51]} 61... Ka7 {[%clk 0:36:54]}
62. Qd7+ {[%clk 0:04:00]} 62... Kb8 {[%clk 0:37:08]} 63. Qe8+ {[%clk 0:01:57]}
63... Ka7 {[%clk 0:37:29]} 64. Qa4 {[%clk 0:00:46]} 64... Qg1+ {[%clk 0:35:46]}
65. Kf3 {[%clk 0:00:47]} 65... Qh1+ {[%clk 0:35:29]} 66. Kg3 {[%clk 0:01:07]}
66... Qg1+ {[%clk 0:35:49]} 67. Kh4 {[%clk 0:01:21]} 67... Qh1+ {[%clk 0:34:49]
} 68. Kg5 {[%clk 0:01:46]} 68... Qc1+ {[%clk 0:34:59]} 69. Kg6 {[%clk 0:01:25]}
69... Qf4 {[%clk 0:33:41]} 70. Nf6 {[%clk 0:01:27]} 70... Qg3+ {[%clk 0:32:43]}
71. Kf7 {[%clk 0:01:52]} 71... Qc3 {[%clk 0:32:47]} 72. Qd7+ {[%clk 0:02:11]}
72... Kb8 {[%clk 0:32:30]} 73. Qxd6+ {[%clk 0:02:31]} 73... Ka7 {[%clk 0:32:47]
} 74. Qc5+ {[%clk 0:02:32]} 1-0

[Event "DEM U18w 2018"]
[Site "Willingen GER"]
[Date "2018.05.23"]
[Round "5"]
[White "Arnhold, Steffi"]
[Black "Kolb, Verena"]
[Result "1-0"]
[Termination "normal"]
[Board "8"]
[WhiteElo "1923"]
[BlackElo "1665"]
[WhiteClock "00:04:55"]
[BlackClock "00:00:35"]
[PlyCount "135"]
[WhiteFideId "12931365"]
[BlackFideId "12992313"]
[EventCountry "GER"]
[EventRounds "9"]
[EventType "swiss"]
[EventDate "2018.05.19"]

1. e4 {[%clk 1:30:56]} 1... c6 {[%clk 1:30:58]} 2. d4 {[%clk 1:31:15]} 2... d5
{[%clk 1:31:26]} 3. Nc3 {[%clk 1:31:29]} 3... dxe4 {[%clk 1:31:35]} 4. Nxe4 {
[%clk 1:31:50]} 4... Nf6 {[%clk 1:31:55]} 5. Nxf6+ {[%clk 1:28:22]} 5... exf6 {
[%clk 1:30:32]} 6. Bf4 {[%clk 1:17:07]} 6... Bd6 {[%clk 1:28:48]} 7. Bxd6 {
[%clk 1:12:27]} 7... Qxd6 {[%clk 1:29:08]} 8. Qd2 {[%clk 1:10:12]} 8... Be6 {
[%clk 1:26:47]} 9. Nf3 {[%clk 1:07:46]} 9... O-O {[%clk 1:26:17]} 10. Be2 {
[%clk 1:06:53]} 10... Re8 {[%clk 1:24:18]} 11. O-O {[%clk 1:06:45]} 11... Nd7 {
[%clk 1:23:55]} 12. c4 {[%clk 1:03:42]} 12... Rad8 {[%clk 1:23:10]} 13. Rad1 {
[%clk 1:01:38]} 13... Qc7 {[%clk 1:19:43]} 14. Rfe1 {[%clk 0:45:04]} 14... Nb6
{[%clk 1:16:33]} 15. b3 {[%clk 0:44:52]} 15... Re7 {[%clk 1:11:17]} 16. h3 {
[%clk 0:41:36]} 16... Nc8 {[%clk 1:07:22]} 17. Bd3 {[%clk 0:38:24]} 17... Nd6 {
[%clk 1:03:08]} 18. Qc2 {[%clk 0:35:42]} 18... g6 {[%clk 1:01:01]} 19. Qb2 {
[%clk 0:25:05]} 19... Kg7 {[%clk 0:58:16]} 20. Qa3 {[%clk 0:23:55]} 20... b6 {
[%clk 0:55:41]} 21. Rd2 {[%clk 0:22:10]} 21... Red7 {[%clk 0:50:31]} 22. Red1 {
[%clk 0:20:06]} 22... Nf5 {[%clk 0:49:14]} 23. Be4 {[%clk 0:18:25]} 23... Nd6 {
[%clk 0:28:02]} 24. Bb1 {[%clk 0:18:20]} 24... Nf5 {[%clk 0:16:38]} 25. Be4 {
[%clk 0:12:36]} 25... Nd6 {[%clk 0:17:02]} 26. Bxc6 {[%clk 0:11:43]} 26... Qxc6
{[%clk 0:15:00]} 27. d5 {[%clk 0:12:08]} 27... Qc7 {[%clk 0:07:31]} 28. dxe6 {
[%clk 0:12:07]} 28... fxe6 {[%clk 0:07:54]} 29. Qa4 {[%clk 0:10:44]} 29... Kf7
{[%clk 0:07:50]} 30. Rd3 {[%clk 0:09:13]} 30... e5 {[%clk 0:06:23]} 31. Rd5 {
[%clk 0:08:35]} 31... Ke6 {[%clk 0:04:30]} 32. Re1 {[%clk 0:07:27]} 32... Nf5 {
[%clk 0:02:19]} 33. g4 {[%clk 0:05:42]} 33... Ne7 {[%clk 0:02:47]} 34. Rxd7 {
[%clk 0:05:12]} 34... Rxd7 {[%clk 0:02:29]} 35. g5 {[%clk 0:05:17]} 35... Qc6 {
[%clk 0:01:19]} 36. Qxc6+ {[%clk 0:04:13]} 36... Nxc6 {[%clk 0:01:45]} 37. gxf6
{[%clk 0:04:31]} 37... Kxf6 {[%clk 0:02:09]} 38. Kg2 {[%clk 0:04:31]} 38... Nd4
{[%clk 0:01:22]} 39. Nxe5 {[%clk 0:04:32]} 39... Re7 {[%clk 0:00:53]} 40. Ng4+
{[%clk 0:04:20]} 40... Kf7 {[%clk 0:01:04]} 41. Rxe7+ {[%clk 0:04:19]} 41...
Kxe7 {[%clk 0:01:29]} 42. Kf1 {[%clk 0:29:24]} 42... Ke6 {[%clk 0:30:14]} 43.
Ke1 {[%clk 0:27:13]} 43... Nf3+ {[%clk 0:29:36]} 44. Kd1 {[%clk 0:26:41]} 44...
Ng5 {[%clk 0:29:31]} 45. h4 {[%clk 0:26:12]} 45... Nf3 {[%clk 0:29:48]} 46. h5
{[%clk 0:26:17]} 46... gxh5 {[%clk 0:29:51]} 47. Ne3 {[%clk 0:25:52]} 47... h4
{[%clk 0:21:42]} 48. Ke2 {[%clk 0:25:29]} 48... Nd4+ {[%clk 0:21:50]} 49. Kf1 {
[%clk 0:24:56]} 49... h3 {[%clk 0:22:06]} 50. f4 {[%clk 0:21:38]} 50... Ne2 {
[%clk 0:17:45]} 51. f5+ {[%clk 0:21:06]} 51... Kf7 {[%clk 0:12:32]} 52. b4 {
[%clk 0:14:20]} 52... Nc3 {[%clk 0:10:21]} 53. c5 {[%clk 0:10:12]} 53... bxc5 {
[%clk 0:07:19]} 54. bxc5 {[%clk 0:10:37]} 54... Ne4 {[%clk 0:07:13]} 55. c6 {
[%clk 0:09:21]} 55... Nd6 {[%clk 0:05:02]} 56. c7 {[%clk 0:07:32]} 56... Kf6 {
[%clk 0:01:28]} 57. Kg1 {[%clk 0:06:25]} 57... Ke7 {[%clk 0:01:27]} 58. Nd5+ {
[%clk 0:06:37]} 58... Kd7 {[%clk 0:01:19]} 59. f6 {[%clk 0:05:57]} 59... a5 {
[%clk 0:01:04]} 60. Kh2 {[%clk 0:05:46]} 60... Nf7 {[%clk 0:00:45]} 61. Kxh3 {
[%clk 0:05:22]} 61... a4 {[%clk 0:01:01]} 62. a3 {[%clk 0:04:52]} 62... Ng5+ {
[%clk 0:00:48]} 63. Kg4 {[%clk 0:04:36]} 63... Ne6 {[%clk 0:00:40]} 64. Kh5 {
[%clk 0:04:02]} 64... Nf8 {[%clk 0:00:35]} 65. Kh6 {[%clk 0:04:09]} 65... Ne6 {
[%clk 0:00:32]} 66. Kxh7 {[%clk 0:04:23]} 66... Nf8+ {[%clk 0:00:40]} 67. Kg8 {
[%clk 0:04:42]} 67... Ne6 {[%clk 0:00:35]} 68. f7 {[%clk 0:04:55]} 1-0

[Event "DEM U18w 2018"]
[Site "Willingen GER"]
[Date "2018.05.23"]
[Round "5"]
[White "Ratay, Meike"]
[Black "Reinecke, Katharina"]
[Result "1-0"]
[Termination "normal"]
[Board "9"]
[WhiteElo "1831"]
[BlackElo "1905"]
[WhiteClock "00:05:22"]
[BlackClock "00:02:46"]
[PlyCount "77"]
[WhiteFideId "12977608"]
[BlackFideId "12929727"]
[EventCountry "GER"]
[EventRounds "9"]
[EventType "swiss"]
[EventDate "2018.05.19"]

1. e4 {[%clk 1:30:58]} 1... g6 {[%clk 1:30:56]} 2. d4 {[%clk 1:30:34]} 2... c6
{[%clk 1:31:19]} 3. Be3 {[%clk 1:28:48]} 3... Bg7 {[%clk 1:31:16]} 4. c3 {
[%clk 1:27:58]} 4... d5 {[%clk 1:30:37]} 5. e5 {[%clk 1:27:12]} 5... Nh6 {
[%clk 1:25:18]} 6. Bd3 {[%clk 1:20:01]} 6... f6 {[%clk 1:18:34]} 7. exf6 {
[%clk 1:08:43]} 7... exf6 {[%clk 1:18:05]} 8. Qc2 {[%clk 1:07:30]} 8... Bf5 {
[%clk 1:14:14]} 9. Ne2 {[%clk 1:06:25]} 9... Bxd3 {[%clk 1:11:08]} 10. Qxd3 {
[%clk 1:06:49]} 10... Nf5 {[%clk 1:09:37]} 11. Bf4 {[%clk 1:05:25]} 11... Qe7 {
[%clk 1:02:20]} 12. Nd2 {[%clk 1:00:25]} 12... Nd7 {[%clk 1:00:47]} 13. O-O-O {
[%clk 0:54:46]} 13... O-O-O {[%clk 0:55:50]} 14. Rhe1 {[%clk 0:50:45]} 14...
Qf7 {[%clk 0:40:53]} 15. c4 {[%clk 0:33:15]} 15... Bh6 {[%clk 0:23:33]} 16. g4
{[%clk 0:23:48]} 16... Bxf4 {[%clk 0:19:29]} 17. Nxf4 {[%clk 0:24:08]} 17...
Ne7 {[%clk 0:15:49]} 18. Ne6 {[%clk 0:18:36]} 18... Ne5 {[%clk 0:15:14]} 19.
Rxe5 {[%clk 0:16:38]} 19... fxe5 {[%clk 0:15:06]} 20. Nxd8 {[%clk 0:16:56]}
20... Rxd8 {[%clk 0:15:11]} 21. dxe5 {[%clk 0:16:47]} 21... Qf4 {[%clk 0:07:57]
} 22. Qg3 {[%clk 0:15:09]} 22... Rf8 {[%clk 0:06:24]} 23. Qxf4 {[%clk 0:11:23]}
23... Rxf4 {[%clk 0:06:53]} 24. cxd5 {[%clk 0:11:31]} 24... Nxd5 { [%clk
0:06:34]} 25. f3 {[%clk 0:10:54]} 25... Nb4 {[%clk 0:04:45]} 26. Ne4 { [%clk
0:08:30]} 26... Rxf3 {[%clk 0:03:44]} 27. e6 {[%clk 0:07:35]} 27... Nd5 { [%clk
0:01:44]} 28. Nd6+ {[%clk 0:04:04]} 28... Kc7 {[%clk 0:01:36]} 29. Rxd5 { [%clk
0:03:24]} 29... cxd5 {[%clk 0:00:52]} 30. e7 {[%clk 0:03:45]} 30... Re3 { [%clk
0:00:45]} 31. e8=Q 31... Rxe8 {[%clk 0:00:58]} 32. Nxe8+ {[%clk 0:04:35]} 32...
Kc6 {[%clk 0:01:12]} 33. Kd2 {[%clk 0:04:32]} 33... h5 {[%clk 0:01:24]} 34.
gxh5 {[%clk 0:04:24]} 34... gxh5 {[%clk 0:01:53]} 35. h4 {[%clk 0:04:33]} 35...
b5 {[%clk 0:02:09]} 36. Nf6 {[%clk 0:04:38]} 36... Kd6 {[%clk 0:02:29]} 37.
Nxh5 {[%clk 0:05:03]} 37... Ke5 {[%clk 0:02:48]} 38. Kd3 {[%clk 0:05:19]} 38...
a5 {[%clk 0:02:46]} 39. Ng3 {[%clk 0:05:22]} 1-0

[Event "DEM U18w 2018"]
[Site "Willingen GER"]
[Date "2018.05.23"]
[Round "5"]
[White "Zell, Mirjam"]
[Black "Giede, Anna-Blume"]
[Result "1-0"]
[Termination "normal"]
[Board "10"]
[WhiteElo "1829"]
[BlackElo "1629"]
[WhiteClock "00:23:30"]
[BlackClock "00:09:50"]
[PlyCount "47"]
[WhiteFideId "16208544"]
[BlackFideId "12921980"]
[EventCountry "GER"]
[EventRounds "9"]
[EventType "swiss"]
[EventDate "2018.05.19"]

1. e4 c6 2. d4 d5 3. exd5 cxd5 4. Bd3 Nc6 5. c3 Qc7 6. h3 e6 7. Nf3 h6 8. Nbd2
{[%clk 1:22:24]} 8... Nf6 {[%clk 1:25:16]} 9. O-O {[%clk 1:18:08]} 9... Bd6 {
[%clk 1:20:03]} 10. Re1 {[%clk 1:16:12]} 10... O-O {[%clk 1:18:47]} 11. Nf1 {
[%clk 1:14:05]} 11... a6 {[%clk 1:11:09]} 12. Ne3 {[%clk 1:07:30]} 12... Na5 {
[%clk 1:03:00]} 13. Nd2 {[%clk 0:49:59]} 13... b5 {[%clk 0:59:41]} 14. a3 {
[%clk 0:46:39]} 14... Nc4 {[%clk 0:56:39]} 15. Bc2 {[%clk 0:42:45]} 15... Bd7 {
[%clk 0:53:34]} 16. Ndxc4 {[%clk 0:38:49]} 16... bxc4 {[%clk 0:53:39]} 17. Ng4
{[%clk 0:37:36]} 17... Qd8 {[%clk 0:38:15]} 18. Qf3 {[%clk 0:34:48]} 18... Be7
{[%clk 0:26:27]} 19. Re5 {[%clk 0:30:53]} 19... Re8 {[%clk 0:20:26]} 20. Nxh6+
{[%clk 0:23:59]} 20... gxh6 {[%clk 0:15:08]} 21. Qg3+ {[%clk 0:23:48]} 21...
Kh8 {[%clk 0:15:02]} 22. Bxh6 {[%clk 0:24:05]} 22... Rg8 {[%clk 0:11:51]} 23.
Qh4 {[%clk 0:23:27]} 23... Nh7 {[%clk 0:09:50]} 24. Bg5 {[%clk 0:23:30]} 1-0

[Event "DEM U18w 2018"]
[Site "Willingen GER"]
[Date "2018.05.23"]
[Round "5"]
[White "Kail, Sindy"]
[Black "Jörs, Pia-Milena"]
[Result "1-0"]
[Termination "normal"]
[Board "11"]
[WhiteElo "1819"]
[BlackElo "1557"]
[WhiteClock "01:10:02"]
[BlackClock "00:15:22"]
[PlyCount "103"]
[WhiteFideId "12988502"]
[BlackFideId "12964646"]
[EventCountry "GER"]
[EventRounds "9"]
[EventType "swiss"]
[EventDate "2018.05.19"]

1. e4 {[%clk 1:30:58]} 1... c5 {[%clk 1:30:56]} 2. Nf3 {[%clk 1:31:20]} 2... e6
{[%clk 1:31:14]} 3. d4 {[%clk 1:30:35]} 3... cxd4 {[%clk 1:31:33]} 4. Nxd4 {
[%clk 1:30:55]} 4... a6 {[%clk 1:31:52]} 5. Nc3 {[%clk 1:30:06]} 5... Qc7 {
[%clk 1:31:48]} 6. a3 {[%clk 1:28:53]} 6... Nf6 {[%clk 1:31:44]} 7. Be3 { [%clk
1:28:36]} 7... d6 {[%clk 1:30:48]} 8. Be2 {[%clk 1:28:14]} 8... Be7 { [%clk
1:26:19]} 9. O-O {[%clk 1:25:08]} 9... Nbd7 {[%clk 1:24:39]} 10. f4 { [%clk
1:24:22]} 10... b5 {[%clk 1:16:38]} 11. Bf3 {[%clk 1:21:40]} 11... Bb7 { [%clk
1:16:02]} 12. Qe2 {[%clk 1:21:26]} 12... O-O {[%clk 1:15:02]} 13. g4 { [%clk
1:21:32]} 13... Nb6 {[%clk 1:06:32]} 14. Rad1 {[%clk 1:18:13]} 14... Nc4 {[%clk
1:06:17]} 15. Bc1 {[%clk 1:18:10]} 15... Nd7 {[%clk 0:48:46]} 16. g5 { [%clk
1:16:35]} 16... Nxa3 {[%clk 0:35:59]} 17. f5 {[%clk 1:13:27]} 17... Nc4 { [%clk
0:16:11]} 18. fxe6 {[%clk 1:12:52]} 18... Nde5 {[%clk 0:16:17]} 19. Nd5 { [%clk
1:10:53]} 19... Bxd5 {[%clk 0:16:04]} 20. exd5 {[%clk 1:11:19]} 20... Nxf3+
{[%clk 0:15:36]} 21. Rxf3 {[%clk 1:11:09]} 21... Ne5 {[%clk 0:15:31]} 22. Rh3
{[%clk 1:10:50]} 22... g6 {[%clk 0:15:04]} 23. Qe4 {[%clk 1:05:28]} 23... Qb8
{[%clk 0:08:05]} 24. Bf4 {[%clk 1:01:06]} 24... fxe6 {[%clk 0:07:59]} 25. Nxe6
{[%clk 1:00:42]} 25... Rf5 {[%clk 0:07:59]} 26. Rc3 {[%clk 1:00:31]} 26... Ra7
{[%clk 0:06:48]} 27. Kg2 {[%clk 0:56:07]} 27... Bd8 {[%clk 0:04:17]} 28. Nd4
{[%clk 0:54:57]} 28... Ba5 {[%clk 0:02:08]} 29. Ra3 {[%clk 0:54:55]} 29... Bb4
{[%clk 0:01:46]} 30. Rb3 {[%clk 0:55:24]} 30... Bc5 {[%clk 0:02:08]} 31. Nxf5
{[%clk 0:55:47]} 31... gxf5 {[%clk 0:02:32]} 32. Qxf5 {[%clk 0:56:08]} 32...
Rf7 {[%clk 0:02:54]} 33. Qe6 {[%clk 0:54:58]} 33... Ng6 {[%clk 0:03:12]} 34.
Be3 {[%clk 0:53:54]} 34... Nf8 {[%clk 0:02:03]} 35. Qg4 {[%clk 0:53:10]} 35...
Qa7 {[%clk 0:02:01]} 36. Bd4 {[%clk 0:52:55]} 36... Bxd4 {[%clk 0:02:05]} 37.
Qxd4 {[%clk 0:53:00]} 37... Qe7 {[%clk 0:02:24]} 38. Re3 {[%clk 0:51:35]} 38...
Qd7 {[%clk 0:02:07]} 39. Qe4 {[%clk 0:47:44]} 39... Rg7 {[%clk 0:01:38]} 40. h4
{[%clk 0:47:21]} 40... h6 {[%clk 0:01:16]} 41. Rg3 {[%clk 0:47:34]} 41... hxg5
{[%clk 0:29:36]} 42. Rxg5 {[%clk 1:15:53]} 42... Rxg5+ { [%clk 0:25:18]} 43.
hxg5 {[%clk 1:16:16]} 43... Qg7 {[%clk 0:25:40]} 44. b3 { [%clk 1:13:07]} 44...
Qxg5+ {[%clk 0:25:41]} 45. Kf2 {[%clk 1:13:28]} 45... Qf6+ {[%clk 0:25:47]} 46.
Ke2 {[%clk 1:13:41]} 46... Qg5 {[%clk 0:21:36]} 47. Rh1 {[%clk 1:12:42]} 47...
a5 48. Rh4 {[%clk 1:12:39]} 48... Qf6 { [%clk 0:16:45]} 49. Rg4+ {[%clk
1:12:34]} 49... Kh8 {[%clk 0:16:49]} 50. Rf4 { [%clk 1:10:19]} 50... Qg7 {[%clk
0:15:06]} 51. Rh4+ {[%clk 1:09:49]} 51... Nh7 {[%clk 0:15:22]} 52. Qe8+ {[%clk
1:10:02]} 1-0